| 000 | 00632nam a22001937a 4500 | ||
|---|---|---|---|
| 005 | 20251108173651.0 | ||
| 008 | 250721s2003 xx 000 0 ara d | ||
| 082 | 1 | 4 | _a641/مصي |
| 100 | 1 | _aمصيقر، عبد الرحمن عبيد | |
| 245 | 1 | 0 | _aدليلك الصحي في شراء الأغذية و حفظها في المنزل / |
| 264 | 1 |
_aدبي : _bدار القلم، _c2003. |
|
| 300 | _a91ص. | ||
| 490 | 0 |
_aالمكتبة الغذائية للأسرة العربية _v6 |
|
| 650 | 1 | 7 | _aالأغذية |
| 650 | 1 | 7 | _aحفظ الأغذية |
| 650 | 1 | 7 | _aصحة الغذاء |
| 942 |
_2ddc _cBK |
||
| 999 |
_c109477 _d109477 |
||